000 00852cab a2200277 4500
001 ABS57279
008 090401t1997 xxu||||| |||| 00| 0 eng d
035 _a(Sirsi) u79466
041 _aeng
100 _aPaice, Catherine
245 _aIt`s EC when you know how
260 _c1997
350 _a0
490 _aEstates Gazette
_v(9726) 28 June 1997, 143-144(2)
520 _aUnravels the structure of the European institutions using agriculture as an example, and suggests how British rural and agricultural interests can be best served in Brussels.
650 _aCOMMISSION COLLEGE
650 _aCOUNCIL OF MINISTERS
650 _aDIRECTORATES GENERAL
650 _aEC
650 _aEUROPEAN PARLIAMENT
650 _aLOBBYING
650 _aRURAL PRACTICE
690 _aEUROPE-SINGLE MARKET
942 _n0
948 _c04/07/1997
999 _c49958
_d49958